| 000 | 01931cam a22002777i 4500 | ||
|---|---|---|---|
| 999 |
_c13953 _d13953 |
||
| 003 | DLC | ||
| 005 | 20260317180114.0 | ||
| 008 | 220820s2021 gw a 000 0 eng d | ||
| 010 | _a 2022473089 | ||
| 020 |
_a9783868597103 _qpaperback |
||
| 042 | _alccopycat | ||
| 050 | 0 | 0 |
_aHT151 _b.P6285 2021 |
| 082 | 0 | 4 |
_a307.76 _223 |
| 245 | 0 | 0 |
_aPost-pandemic urbanism / _cDoris Kleilein, Friederike Meyer (eds.). |
| 300 |
_a192 pages _bcolor illustrations _c21 cm |
||
| 505 | 0 | _aIntro -- More than Enough! -- Non Voyage -- The No-Retail City -- Urban Obsolescences -- Unspectacular -- Tired of the City -- From Coworking Space to Neighborhood Office -- Dividing Space Fairly -- The Soft City in Hard Times -- Three Meals Away from Anarchy -- Emergency Urbanism -- An Economy for the Common Good at the Local Level -- In Crisis Mode -- Notes on the Just City. | |
| 520 | _aWorking from home, online shopping, undertourism: the disruptive upheavals caused by the COVID-19 pandemic challenge architecture and urban planning. New spaces for action are opening up, but are they being utilized? From dividing traffic space fairly to urban food policies, from new places for work and recreation to the question on how communities can be oriented towards the common good: Post-pandemic Urbanism envisions a near future and discusses how cities and their transformative power can help to handle this current crisis and those to come. | ||
| 546 | _aIn English. | ||
| 650 | 0 | _aSociology, Urban | |
| 650 | 0 | _aUrban ecology (Sociology) | |
| 650 | 0 |
_aCity planning _xSocial aspects |
|
| 650 | 0 |
_aCOVID-19 Pandemic, 2020-2023 _xSocial aspects |
|
| 700 | 1 |
_aKleilein, Doris _eeditor _econtributor _4http://id.loc.gov/vocabulary/relators/edt _4http://id.loc.gov/vocabulary/relators/ctb |
|
| 700 | 1 |
_aMeyer, Friederike, _d1972- _eeditor _econtributor _4http://id.loc.gov/vocabulary/relators/edt _4http://id.loc.gov/vocabulary/relators/ctb |
|
| 942 | _2ddc | ||